• 首页
  • 本馆介绍
  • 公告通知
  • 最新文献
  • 馆藏检索
  • 电子资源
  • 读者导购
  • 参考咨询
  • 我的图书馆
  • 登录
  • 详细信息显示
  • 放入我的书架
  • 预约/预借图书
  • 作者相关作品
  • 分类相关作品
  • 丛书相关作品
  • 出版社相关作品

书目信息

  • 表格格式
  • 工作单格式
  • 卡片格式
题名:
半导体电路
    
 
作者: ;南京邮电学院 , 北京邮电学院 编
分册: 上册  
出版信息: 北京   人民邮电出版社  1979
页数: 605页
开本: 20cm
丛书名:
单 册:
中图分类: TN3
科图分类:
主题词: 半导体技术 , 电子电路-半导体器件 , 半导体器件-电子电路
电子资源:
ISBN:
000 00804nam0 2200253 45
001 0179005989
005 20060718163403.68
010    @dCNY2.15
091    @a15045.总2329-无682
100    @a19950731d1979 em y0chiy0121 ea
101 0  @achi
102    @aCN@b110000
105    @ay z 000yy
200 10 @a半导体电路@Aban dao ti dian lu@h上册@f南京邮电学院,北京邮电学院编@Fnan jing you dian xue yuan,bei jing you dian xue yuan bian
210    @a北京@c人民邮电出版社@d1979
215    @a605页@d20cm
606 0  @a半导体技术
606    @a电子电路-半导体器件
606    @a半导体器件-电子电路
690    @aTN3
711 02 @a南京邮电学院@Anan jing you dian xue yuan@4编
711 02 @a北京邮电学院@Abei jing you dian xue yuan@4编
801  0 @aCN@bNLC@c20060718
905    @f1@b20119@f2@b20116-117@dTN3@e13
    
    半导体电路.上册/南京邮电学院,北京邮电学院编.-北京:人民邮电出版社,1979
    605页;20cm
    
    
    ISBN :CNY2.15
    
●
相关链接 在E读中查询图书 在五车中查询图书 在当当中查询图书 在豆瓣中查询图书


正题名:半导体电路     索取号:TN3/13         预约/预借

序号 登录号 条形码 馆藏地/架位号 状态 备注
1 0020113   202138169   密集书库/ [索取号:TN3/13] 在馆    
2 0020114   202138203   密集书库/ [索取号:TN3/13] 在馆    
3 0020116   001352128   第二样本阅览室/ [索取号:TN3/13] 在馆    
4 0020117   001352164   密集书库/ [索取号:TN3/13] 在馆    
5 0020118   202138212   密集书库/ [索取号:TN3/13] 在馆    
6 0020119   001352084   第三借阅区/ [索取号:TN3/13] 在馆    
7 0020120   202138123   密集书库/ [索取号:TN3/13] 在馆    
8 0437476   204374765   密集书库/ [索取号:TN3/13] 在馆    
唐山师范学院图书馆 欢迎您!
大连网信软件有限公司© 版权所有